<?xml version="1.0" encoding="UTF-8"?>
<marc:record xmlns:marc="http://www.loc.gov/MARC21/slim">
   <marc:leader>00000nam a2200000 a 4500</marc:leader>
   <marc:datafield ind1="1" ind2=" " tag="100">
      <marc:subfield code="a">Osborne Mary Pope</marc:subfield>
      <marc:subfield code="4">aut</marc:subfield>
      <marc:subfield code="e">Verfasser/-in</marc:subfield>
   </marc:datafield>
   <marc:datafield ind1="0" ind2="0" tag="245">
      <marc:subfield code="a">Das magische Baumhaus 1</marc:subfield>
   </marc:datafield>
   <marc:datafield ind1="0" ind2="0" tag="245">
      <marc:subfield code="b">Im Tal der Dinosaurier</marc:subfield>
   </marc:datafield>
   <marc:datafield ind1=" " ind2="1" tag="264">
      <marc:subfield code="b">Bindlach, Loewe, 1998,</marc:subfield>
      <marc:subfield code="c">2007</marc:subfield>
   </marc:datafield>
   <marc:datafield ind1="1" ind2=" " tag="490">
      <marc:subfield code="a">Das magische Baumhaus</marc:subfield>
   </marc:datafield>
   <marc:datafield ind1="1" ind2=" " tag="520">
      <marc:subfield code="a">Philipp und Anne trauen ihren Augen nicht, als sie ein Baumhaus im Wald
entdecken. Gespannt klettern sie die lange Strickleiter nach oben. Was für ein 
toller Ausblick! Doch plötzlich beginnt sich das Baumhaus zu drehen. Schneller und
Schneller. Dann ist alles still. Aber Philipp und Anne sind nicht mehr da, wo sie vorher waren.</marc:subfield>
   </marc:datafield>
   <marc:datafield ind1=" " ind2=" " tag="020">
      <marc:subfield code="a">9783785535912</marc:subfield>
      <marc:subfield code="9">9783785535912</marc:subfield>
   </marc:datafield>
</marc:record>
